000
00287nam a2200109Ia 4500
008
230907s9999||||xx |||||||||||||| ||und||
082
_a
530
_b
GOR
245
0
_a
Physics for science and engineers /
260
_a
Cengage Learning,
_b
Boston :
_c
2010
300
_a
Vol. 1; 407 p.
942
_c
BK
999
_c
601080
_d
601080